Т. 3: Статьи по аграрному вопросу и критические примечания к книге Мальтуса; Сочинения

Bibliografske podrobnosti
Parent link:Сочинения: Пер. с англ./ Д. Рикардо. Т. 3: Статьи по аграрному вопросу и критические примечания к книге Мальтуса.— , 1941-
Jezik:ruščina
Izdano: 1955
Teme:
Format: Knjiga
KOHA link:https://koha.lib.tpu.ru/cgi-bin/koha/opac-detail.pl?biblionumber=18177

MARC

LEADER 00000nam2a2200000 4500
001 18177
005 20231030191207.0
035 |a (RuTPU)RU\TPU\book\18326 
035 |a BOOK00003014 
090 |a 18177 
100 |a 20011209d1955 k y0rusy50 ca 
101 1 |a rus  |c eng 
102 |a RU 
105 |a y z 000zy 
200 0 |a Т. 3: Статьи по аграрному вопросу и критические примечания к книге Мальтуса 
210 |d 1955 
215 |a 295 с. 
461 1 |0 (RuTPU)RU\TPU\book\65418  |t Сочинения  |o Пер. с англ.  |f Д. Рикардо  |v Т. 3: Статьи по аграрному вопросу и критические примечания к книге Мальтуса  |d 1941- 
610 1 |a экономика 
610 1 |a экономическая мысль 
610 1 |a история 
610 1 |a английская экономическая мысль 
610 1 |a 18 век 
610 1 |a 19 век 
610 1 |a аграрный вопрос 
610 1 |a земледелие 
610 1 |a стоимость 
610 1 |a земельная рента 
610 1 |a прибыль 
610 1 |a заработная плата 
686 |a У02(4/8)  |v LBC/SL-A  |2 rubbk 
801 0 |a RU  |b 63413507  |c 20011209  |g PSBO 
801 2 |a RU  |b 63413507  |c 20091209  |g PSBO 
942 |c BK